000 00267nam a22001217a 4500
008 180806b xxu||||| |||| 00| 0 eng d
082 _a813.52
245 _aChinese link
_cTIANDI.ZH
260 _c2006
300 _a13
_fCD
440 _x0131546686
942 _2ddc
_cMX
999 _c46834
_d46834